Econometrics <a> practical approach

Na minha lista:
Detalhes bibliográficos
Autor principal: Seddighi, Hamid R.
Outros Autores: Lawler, K. A., Katos, A. V.
Formato: Livro
Idioma:inglês
Publicado em: Abingdon Routledge 2000
Assuntos:
Tags: Adicionar Tag
Sem tags, seja o primeiro a adicionar uma tag!

MARC

LEADER 00000nam$a2200000$$$4500
001 0096991
005 20221129100852.2
020 |a 0-415-15645-9 
041 0 |a eng 
044 |a GB 
245 1 0 |a Econometrics  |b <a> practical approach  |c H. R. Seddighi, K. A. Lawler and A. V. Katos 
264 1 |a Abingdon  |b Routledge  |c 2000 
300 |a 396 s. 
610 2 0 |a ekonometria 
610 2 0 |a metódy ekonometrické 
610 2 0 |a výskum 
610 2 0 |a modelovanie ekonometrické 
610 2 0 |a modely ekonometrické 
610 2 0 |a analýza ekonometrická 
610 2 0 |a modely dynamické 
610 2 0 |a rady časové 
610 2 0 |a internet 
100 1 |a Seddighi, Hamid R. 
700 1 |a Lawler, K. A. 
700 1 |a Katos, A. V.